书目信息 |
| 题名: |
美国新闻史
|
|
| 作者: | 埃默里 著 ;苏金琥 译 | |
| 分册: | ||
| 出版信息: | 北京 新华出版社 1982 |
|
| 页数: | 746页 | |
| 开本: | 21cm | |
| 丛书名: | ||
| 单 册: | ||
| 中图分类: | G219.712.9 , G219.712 | |
| 科图分类: | ||
| 主题词: | 新闻事业史--美国 , 新闻学 , 新闻工作 | |
| 电子资源: | ||
| ISBN: | ||
| 000 | 00898nam0 2200301 45 | |
| 001 | 0182003289 | |
| 005 | 20040427085145.0 | |
| 010 | @dCNY2.60 | |
| 091 | @a7203.025 | |
| 100 | @a19950630d1982 em y0chiy0121 ea | |
| 101 | 1 | @achi@ceng |
| 102 | @aCN@b110000 | |
| 105 | @ay z 000yy | |
| 106 | @ar | |
| 200 | 10 | @a美国新闻史@Amei guo xin wen shi@e报业与政治、经济和社会潮流的关系@f(美)埃默里著@g苏金琥译 |
| 210 | @a北京@c新华出版社@d1982 | |
| 215 | @a746页@d21cm | |
| 517 | 1 | @a报业与政治、经济和社会潮流的关系@Abao ye yu zheng zhi jing ji he she hui chao liu de guan xi |
| 606 | @a新闻事业史@y美国 | |
| 606 | 0 | @a新闻学 |
| 606 | 0 | @a新闻工作 |
| 690 | @aG219.712.9@v3 | |
| 690 | @aG219.712 | |
| 701 | 1 | @a埃默里@Aai mo li@4著 |
| 702 | 0 | @a苏金琥@Asu jin hu@4译 |
| 801 | 0 | @aCN@b上海图书馆@c20040427 |
| 801 | 2 | @aCN@bNLC@c20040427 |
| 905 | @f1@b93152@dG219.712@e11@b160152@f1 | |
| 美国新闻史:报业与政治、经济和社会潮流的关系/(美)埃默里著/苏金琥译.-北京:新华出版社,1982 |
| 746页;21cm |
| ISBN :CNY2.60 |
| ● |
| 相关链接 |
|
|
|
|
正题名:美国新闻史
索取号:G219.712/11
 
预约/预借
| 序号 | 登录号 | 条形码 | 馆藏地/架位号 | 状态 | 备注 |
| 1 | 0093152 | 000493718 | 密集书库/ [索取号:G219.712/11] | 在馆 | |
| 2 | 0093153 | 001740110 | 密集书库/ [索取号:G219.712/11] | 在馆 | |
| 3 | 0093154 | 000493709 | 第一样本阅览室/ [索取号:G219.712/11] | 在馆 | |
| 4 | 0160151 | 001740129 | 密集书库/ [索取号:G219.712/11] | 在馆 | |
| 5 | 0160152 | 000493692 | 密集书库/ [索取号:G219.712/11] | 在馆 |